000 004340000a22001810004500
003 MACL
005 20151023153714.0
008 151023b xxu||||| |||| 00| 0 eng d
040 _aMACL
_cMACL
041 _aEnglish
082 _a954/SUW
100 _aSunthankar, B.R.
_916506
245 _aMaharashtra 1858 1̜920
260 _bPopular Book Depot
_c1993
_aPune
350 _a400
650 _aHistory
_916507
942 _cBK
_k954
_2ddc
999 _c4707
_d4707